000 00938cab a2200289 4500
001 ABS56666
008 090401t1997 xxu||||| |||| 00| 0 eng d
035 _a(Sirsi) u77129
041 _aeng
100 _aEvans, B.
245 _aTimber building US-style
260 _c1997
350 _a0
490 _aArchitects` Journal
_v27 February 1997, 47-49(3)
520 _aConsiders the potential for US-style timber buildings in the UK. In the US more than 90 per cent of homes are timber-framed compared to 2 per cent of new homes in England. Outlines the methods and components used in timber-frame buildings.
650 _aBUILDING COMPONENTS
650 _aGLULAM
650 _aMARKET
650 _aPREFABRICATION
650 _aSTANDARDISATION
650 _aTIMBER FRAME BUILDINGS
650 _aTIMBER-FRAMED HOUSES
650 _aUNITED STATES
690 _aBUILT ENVIRONMENT
942 _n0
948 _c17/03/1997
999 _c48481
_d48481